Jesus heals a man / (Record no. 48524)
| 000 -LEADER | |
|---|---|
| fixed length control field | 00338nam a2200121 4500 |
| 020 ## - INTERNATIONAL STANDARD BOOK NUMBER | |
| International Standard Book Number | 9781844275007 |
| 100 ## - MAIN ENTRY--PERSONAL NAME | |
| Personal name | Scripture Union, |
| Relator term | Publisher. |
| 9 (RLIN) | 86092 |
| 245 ## - TITLE STATEMENT | |
| Title | Jesus heals a man / |
| Statement of responsibility, etc | By Scripture Union. |
| 260 ## - PUBLICATION, DISTRIBUTION, ETC. (IMPRINT) | |
| Place of publication, distribution, etc | England; |
| Name of publisher, distributor, etc | Scripture Union, |
| Date of publication, distribution, etc | 2010. |
| 300 ## - PHYSICAL DESCRIPTION | |
| Extent | 24 pages. |
| 490 ## - SERIES STATEMENT | |
| Series statement | A bible friends bible story |
| 942 ## - ADDED ENTRY ELEMENTS (KOHA) | |
| Source of classification or shelving scheme | |
| Koha item type | Board Book |
| Withdrawn status | Lost status | Source of classification or shelving scheme | Damaged status | Not for loan | Home library | Current library | Date acquired | Total Checkouts | Full call number | Barcode | Date last seen | Date checked out | Price effective from | Koha item type |
|---|---|---|---|---|---|---|---|---|---|---|---|---|---|---|
| Logos International School | Logos International School | 03/03/2025 | 8 | BB SCR | 040457 | 03/13/2026 | 02/20/2026 | 03/03/2025 | Board Book |